| 000 | 00764pam a2200253 a 4500 | ||
|---|---|---|---|
| 001 | 518110 | ||
| 003 | NUST - PNEC | ||
| 005 | 20170116181122.0 | ||
| 008 | 861208s1987 enka b 001 0 eng | ||
| 010 | _a 86032688 | ||
| 020 |
_a0408027908 : _c£37.50 |
||
| 040 |
_aDLC _cLIBRARY _dDLC |
||
| 041 | 1 | _aengger | |
| 050 | 0 | 0 |
_aVM156 _b.S36 1987 |
| 082 | 0 | 0 |
_a623.81 SCH _219 |
| 100 | 1 |
_aSchneekluth, H. _q(Herbert), _d1921- |
|
| 245 | 1 | 0 |
_aShip design for efficiency and economy / _cH. Schneekluth. |
| 260 |
_aLondon ; _aBoston : _bButterworths, _cc.1978 |
||
| 300 |
_a266 p. : _bill. ; _c24 cm. |
||
| 504 | _aIncludes bibliographies and index. | ||
| 650 | 0 |
_aNaval architecture. _xME |
|
| 906 |
_a7 _bcbc _corignew _d1 _eocip _f19 _gy-gencatlg |
||
| 942 |
_2ddc _cBK |
||
| 999 |
_c69595 _d69595 |
||